Attic Fine Pottery of the Archaic to Hellenistic Periods in Phanagoria : Phanagoria Studies, Volume 1 /

This book reviews the nature and social function of Attic fine pottery imported to the Greek colony of Phanagoria in the Taman Peninsula, southern Russia. The first part of the book reviews the history of research at Phanagoria, and presents a fully illustrated catalogue of Attic imports from the ex...

وصف كامل

محفوظ في:

المؤلف الرئيسي: Morgan, Catherine (مؤلف)

مؤلفون آخرون: Tsetskhladze, G.R. (المحرر)

التنسيق: كتاب الكتروني

اللغة: English

منشور في: Leiden; Boston : BRILL, 2004.

سلاسل: Brill Book Archive Part 1, ISBN: 9789004472495.
Colloquia Pontica ; 10.

الموضوعات:

الوصول للمادة أونلاين: Login to view Source

الوسوم: إضافة وسم

لا توجد وسوم, كن أول من يضع وسما على هذه التسجيلة!

رقم الطلب: DK651.P52

LEADER 02874nam a22005171i 4500
001 BRILL9789047405481
003 nllekb
005 20230529212101.0
006 m d
007 cr un uuuua
008 210731s2004 ne sb 001 0 eng d
010 |z  2004049320 
020 |a 9789047405481  |q (electronic book) 
020 |a 9789004138889  |q (print) 
024 7 |a 10.1163/9789047405481  |2 DOI 
035 |a (OCoLC)191935703 
040 |a NL-LeKB  |c NL-LeKB  |e rda 
050 4 |a DK651.P52 
072 7 |a HBLA  |2 bicssc 
072 7 |a HIS  |x 002000  |2 bisacsh 
072 7 |a HIS  |x 010000  |2 bisacsh 
082 0 4 |a 939/.5  |2 23 
100 1 |a Morgan, Catherine,  |e author. 
245 1 0 |a Attic Fine Pottery of the Archaic to Hellenistic Periods in Phanagoria :  |b Phanagoria Studies, Volume 1 /  |c by Catherine Morgan, (Edited by) G.R. Tsetskhladze. 
246 3 |a Phanagoria Studies, Volume 1 
264 1 |a Leiden;   |a Boston :  |b BRILL,  |c 2004. 
300 |a 1 online resource. 
336 |a text  |b txt  |2 rdacontent 
337 |a computer  |b c  |2 rdamedia 
338 |a online resource  |2 rdacarrier 
490 1 |a Brill Book Archive Part 1, ISBN: 9789004472495 
490 1 |a Colloquia Pontica ;  |v 10 
504 |a Includes bibliographical references and index. 
520 |a This book reviews the nature and social function of Attic fine pottery imported to the Greek colony of Phanagoria in the Taman Peninsula, southern Russia. The first part of the book reviews the history of research at Phanagoria, and presents a fully illustrated catalogue of Attic imports from the excavations of the Institute of Archaeology of the Russian Academy of Sciences (1971-1996) and latterly the University of London. A concluding section examines imports from the city and its cemeteries in the wider context of the Bosporan kingdom , drawing together a large collection of comparanda especially from the cities of the Taman Peninsula. Via comparison of data from Athens, the northern Aegean, Ionia, and the northern Black Sea, the changing role of Attic pottery in Black Sea trade is assessed. 
559 4 |a DK651.P52 
588 |a Description based on print version record. 
650 0 |a Excavations (Archaeology) 
650 0 |a Pottery, Greek  |z Russia (Federation)  |z Phanagoria (Extinct city)  |v Catalogs. 
700 1 |a Tsetskhladze, G.R.,  |e editor. 
776 0 8 |i Print version:  |t Attic Fine Pottery of the Archaic to Hellenistic Periods in Phanagoria : Phanagoria Studies, Volume 1.  |d Leiden ; Boston : BRILL, 2004  |z 9789004138889  |w (OCoLC)54913444 
830 0 |a Brill Book Archive Part 1, ISBN: 9789004472495. 
830 0 |a Colloquia Pontica ;  |v 10. 
856 4 |z DOI:   |u http://dx.doi.org/10.1163/9789047405481 
942 |2 lcc  |c EBOOK 
952 |0 0  |1 0  |2 lcc  |4 0  |6 DK0651 P52  |7 1  |9 48647  |a BRILL  |b BRILL  |d 2023-05-29  |l 0  |o DK651.P52  |r 2023-05-29 00:00:00  |w 2023-05-29  |y EBOOK 
999 |c 53991  |d 53991